Detection methods for cyanobacterial toxins
Αποθηκεύτηκε σε:
| Συγγραφή απο Οργανισμό/Αρχή: | |
|---|---|
| Άλλοι συγγραφείς: | |
| Μορφή: | Πρακτικό Συνεδρίου Βιβλίο |
| Γλώσσα: | English |
| Δημοσίευση: |
Cambridge, UK :
Royal Society of Chemistry,
1994
|
| Σειρά: | Special publication (Royal Society of Chemistry (Great Britain))
; 149 |
| Θέματα: | |
| Ετικέτες: |
Προσθήκη ετικέτας
Δεν υπάρχουν, Καταχωρήστε ετικέτα πρώτοι!
|
MARC
| LEADER | 00000nam a2200000 i 4500 | ||
|---|---|---|---|
| 001 | 1/103248 | ||
| 008 | 090326s1994 eng d | ||
| 020 | |a 0-85186-961-0 | ||
| 035 | |l 10103974 | ||
| 040 | |a GR-MY-UA |b gre |e aacr | ||
| 041 | 0 | |a eng | |
| 082 | 0 | |a 615.907 |2 (22) | |
| 245 | 1 | 0 | |a Detection methods for cyanobacterial toxins / |c edited by G.A. Codd ... [κ.ά.] |
| 260 | |a Cambridge, UK : |b Royal Society of Chemistry, |c 1994 | ||
| 300 | |a ix, 191 σ.; |b εικ.; |c 24 εκ. | ||
| 490 | 1 | |a Special publication |v ; 149 | |
| 500 | |a Εργασίες από το 1ο Διεθνές Συμπόσιο με θέμα Detection Methods for Cyanobacterial (Blue-Green Algal) Toxins, που πραγματοποιήθηκε στις 27-29 Σεπτεμβρίου 1993 στο Πανεπιστήμιο του Bath, UK | ||
| 504 | |a Περιέχει βιβλιογραφικές παραπομπές και ευρετήριο | ||
| 650 | 0 | 0 | |a Bacterial toxins |x Analysis |x Congresses. |
| 650 | 0 | 0 | |a Cyanobacteria |x Congresses. |
| 700 | 1 | |a Codd, G. A. |q (Geoffrey A.) |4 edt | |
| 711 | 2 | |a International Symposium on Detection Methods for Cyanobacterial (Blue-Green Algal) Toxins |n (1st : |d 1993 : |c University of Bath) | |
| 830 | 0 | |a Special publication (Royal Society of Chemistry (Great Britain)) |v ; 149 | |
| 852 | |a INST |b LESVOS |e 20090326 |h 615.907 DET |p 005100044636 |q 005100044636 |t BK |y 0 | ||
| 901 | |a BIBL1-2009-1 | ||
| 909 | |a Λ |b 154064 | ||
| 922 | |a 1ΕΛΗ |b 200809 |c ΕΠΕΑΕΚ2/ΤΠ |d ΜΙΧΑΛΟΠΟΥΛΟΣ | ||
| 970 | |a ΚΑΡΑ |b ΓΙΑΣΕΜΗ |z 2009/03/26 | ||